[Event "Canarias-chT Honor"]
[Site "Spain"]
[Date "2020.02.15"]
[Round "6.1"]
[White "Uzcategui Rodriguez, Alejandro"]
[Black "Rodriguez Rodriguez, Hector"]
[Result "1-0"]
[WhiteElo "2210"]
[BlackElo "1889"]
[PlyCount "79"]
[EventDate "2020.01.11"]
[EventType "team-tourn"]
[EventRounds "9"]
[EventCountry "ESP"]
[SourceTitle "CBM 195 Extra"]
[Source "ChessBase"]
[SourceDate "2020.05.31"]
[SourceVersion "1"]
[SourceVersionDate "2020.05.31"]
[SourceQuality "1"]
[WhiteTeam "Fundacion La Caja de Canarias"]
[BlackTeam "Roque Niquiomo"]
[WhiteTeamCountry "ESP"]
[BlackTeamCountry "ESP"]

1. e4 e6 2. d3 d5 3. Nd2 Nc6 4. Ngf3 e5 5. c3 Nf6 6. Be2 Be7 7. 0-0 0-0 8. b4 a6 9. a4 d4 10. cxd4 exd4 11. Bb2 Nxb4 12. Bxd4 c5 13. Be3 Nxd3 14. Nc4 Nb4 15. Qxd8 Rxd8 16. Nb6 Ra7 17. Rad1 Re8 18. e5 Ne4 19. Nxc8 Rxc8 20. Rd7 Kf8 21. Rc1 Ke8 22. Rxe7+ Kxe7 23. Rc4 f5 24. exf6+ Nxf6 25. Bxc5+ Rxc5 26. Rxc5 Nc6 27. g3 Ra8 28. Rc1 Kd7 29. Rd1+ Ke7 30. Rb1 Rb8 31. Nh4 Nd5 32. Bf3 Ke6 33. Re1+ Kd6 34. Nf5+ Kc5 35. Rc1+ Kb4 36. Bxd5 g6 37. Bxc6 gxf5 38. Bxb7 Kxa4 39. Bxa6 h5 40. Ra1+ 1-0

[Event "Canarias-chT Honor"]
[Site "Spain"]
[Date "2020.02.08"]
[Round "5.2"]
[White "Rodriguez Rodriguez, Hector"]
[Black "Garcia Padron, Jose"]
[Result "0-1"]
[WhiteElo "1889"]
[BlackElo "2397"]
[PlyCount "84"]
[EventDate "2020.01.11"]
[EventType "team-tourn"]
[EventRounds "9"]
[EventCountry "ESP"]
[SourceTitle "CBM 195 Extra"]
[Source "ChessBase"]
[SourceDate "2020.05.31"]
[SourceVersion "1"]
[SourceVersionDate "2020.05.31"]
[SourceQuality "1"]
[WhiteTeam "Roque Niquiomo"]
[BlackTeam "Lanzaloe"]
[WhiteTeamCountry "ESP"]
[BlackTeamCountry "ESP"]

1. e4 e5 2. Nf3 Nc6 3. Bb5 Bc5 4. 0-0 Nf6 5. c3 0-0 6. d4 Bb6 7. Re1 d6 8. h3 Bd7 9. Bg5 Re8 10. Nbd2 exd4 11. cxd4 Nxd4 12. Bxd7 Qxd7 13. Bxf6 gxf6 14. Nc4 Nxf3+ 15. Qxf3 Qe6 16. Ne3 Qxe4 17. Qxf6 Re6 18. Qg5+ Rg6 19. Qd5 Rxg2+ 20. Kh1 Qxd5 21. Nxd5 Rxf2 22. Re7 Bd4 23. Rxc7 Rxb2 24. Rf1 Rf8 25. Rf4 Be5 26. Rg4+ Kh8 27. a4 Rg8 28. Rxf7 Rd2 29. Ne7 Rxg4 30. hxg4 Rd4 31. Nf5 Rxg4 32. Rxb7 a5 33. Rd7 Rg6 34. Ra7 h5 35. Rxa5 Rf6 36. Ne3 Rf4 37. Kg2 Kg7 38. Ra8 h4 39. a5 h3+ 40. Kh1 Rf3 41. Ra7+ Kg6 42. a6 Rxe3 0-1

[Event "Canarias-chT"]
[Site "Vecindario"]
[Date "2019.06.14"]
[Round "3.3"]
[White "Rodriguez Rodriguez, Hector"]
[Black "Gonzalez Nocedo, Jaime"]
[Result "1-0"]
[WhiteElo "1796"]
[BlackElo "1561"]
[PlyCount "95"]
[EventDate "2019.06.13"]
[EventType "team-swiss"]
[EventRounds "6"]
[EventCountry "ESP"]
[SourceTitle "EXT 2020"]
[Source "ChessBase"]
[SourceDate "2019.10.17"]
[SourceVersion "1"]
[SourceVersionDate "2019.10.17"]
[SourceQuality "1"]
[WhiteTeam "Roque Niquiomo"]
[BlackTeam "La Caja de Canarias II"]
[WhiteTeamCountry "ESP"]
[BlackTeamCountry "ESP"]

1. e4 c5 2. Nf3 g6 3. d4 cxd4 4. Qxd4 f6 5. Bc4 Nc6 6. Qd1 Bg7 7. 0-0 Na5 8. Bd3 Nh6 9. e5 Nf7 10. exf6 Bxf6 11. Nc3 0-0 12. Nd5 Bg7 13. Ng5 e6 14. Nxf7 Rxf7 15. Nf4 Nc6 16. Bb5 Ne7 17. Nxe6 Qb6 18. Nxg7 Qxb5 19. Ne8 Qc6 20. Nd6 Rf6 21. Nxc8 Rxc8 22. c3 Rcf8 23. Bg5 Re6 24. Re1 Nf5 25. Rxe6 dxe6 26. Qd2 h6 27. Bxh6 Nxh6 28. Qxh6 Rf6 29. Rd1 Qb6 30. Qh4 Rf8 31. Rd2 Qc7 32. Qe4 Qf7 33. f3 a6 34. Rd6 Re8 35. Rb6 Re7 36. c4 Kh7 37. c5 Qf6 38. Rb4 Rc7 39. Qh4+ Qxh4 40. Rxh4+ Kg7 41. Rc4 Kf6 42. Kf2 Ke5 43. Ke3 Kd5 44. b3 Rxc5 45. Rxc5+ Kxc5 46. h4 Kb4 47. g4 Ka3 48. h5 1-0

[Event "Puerto del Rosario op U2300 "]
[Site "Puerto del Rosario"]
[Date "2018.09.29"]
[Round "5"]
[White "Wagner, Bernd"]
[Black "Rodriguez Rodriguez, Hector"]
[Result "1/2-1/2"]
[WhiteElo "2144"]
[BlackElo "1776"]
[PlyCount "42"]
[EventDate "2018.09.27"]
[EventType "swiss"]
[EventRounds "7"]
[EventCountry "ESP"]
[SourceTitle "CBM 187 Extra"]
[Source "ChessBase"]
[SourceDate "2018.11.04"]
[SourceVersion "1"]
[SourceVersionDate "2018.11.04"]
[SourceQuality "1"]

1. e4 e6 2. d4 d5 3. Nc3 Nf6 4. e5 Nfd7 5. f4 c5 6. Nf3 Nc6 7. Be3 Qb6 8. Qd2 Qxb2 9. Rb1 Qa3 10. dxc5 Bxc5 11. Bxc5 Qxc5 12. Nb5 0-0 13. Bd3 Qe7 14. Qf2 f6 15. Qh4 g6 16. 0-0 Nc5 17. Qg3 Ne4 18. Bxe4 dxe4 19. Nh4 fxe5 20. fxe5 Qc5+ 21. Kh1 Rxf1+ 1/2-1/2

[Event "La Palma Island op"]
[Site "Santa Cruz de La Palma"]
[Date "2018.08.10"]
[Round "1"]
[White "Kurajica, Bojan"]
[Black "Rodriguez Rodriguez, Hector"]
[Result "1-0"]
[WhiteElo "2521"]
[BlackElo "1765"]
[PlyCount "65"]
[EventDate "2018.08.10"]
[EventType "swiss"]
[EventRounds "10"]
[EventCountry "ESP"]
[SourceTitle "CBM 186 Extra"]
[Source "ChessBase"]
[SourceDate "2018.08.24"]
[SourceVersion "1"]
[SourceVersionDate "2018.08.24"]
[SourceQuality "1"]

1. d4 Nf6 2. Nf3 g6 3. g3 Bg7 4. Bg2 0-0 5. 0-0 d6 6. c4 c6 7. Nc3 Bf5 8. Ne1 Be6 9. d5 cxd5 10. cxd5 Bd7 11. Nd3 Na6 12. e4 Qa5 13. a3 Rfc8 14. e5 dxe5 15. Nxe5 Bf5 16. g4 Ne4 17. gxf5 Nxc3 18. Qe1 Qc7 19. Bf4 Nb5 20. Nxg6 Qc4 21. Nxe7+ Kf8 22. f6 Qxf4 23. fxg7+ Kxg7 24. Nxc8 Rxc8 25. Rc1 Rg8 26. Qe3 Qf6 27. Rfe1 Nd4 28. Rc4 Nf5 29. Rg4+ Kh8 30. Qe8 Nh6 31. Rxg8+ Nxg8 32. Re3 Nc7 33. Qc8 1-0

[Event "Canarias-ch U18"]
[Site "Santa Cruz de Tenerife"]
[Date "2018.05.13"]
[Round "6"]
[White "Navio Lopez, Manuel Alberto"]
[Black "Rodriguez Rodriguez, Hector"]
[Result "1-0"]
[WhiteElo "1832"]
[BlackElo "1727"]
[PlyCount "45"]
[EventDate "2018.05.10"]
[EventType "swiss"]
[EventRounds "6"]
[EventCountry "ESP"]
[SourceTitle "EXT 2022"]
[Source "ChessBase"]
[SourceDate "2021.10.06"]
[SourceVersion "1"]
[SourceVersionDate "2021.10.06"]
[SourceQuality "1"]

1. d4 Nf6 2. c4 g6 3. Nc3 Bg7 4. e4 d6 5. Nf3 0-0 6. Be2 e5 7. Be3 exd4 8. Nxd4 Re8 9. f3 Nh5 10. 0-0 Nc6 11. Nxc6 bxc6 12. Qd2 Bd7 13. Rad1 Rb8 14. Bxa7 c5 15. Bxb8 Bd4+ 16. Kh1 Re5 17. f4 Ng3+ 18. hxg3 Rh5+ 19. Bxh5 gxh5 20. Bxc7 Qxc7 21. Nd5 Qd8 22. f5 h4 23. f6 1-0

[Event "Canarias-ch U18"]
[Site "Santa Cruz de Tenerife"]
[Date "2018.05.12"]
[Round "4"]
[White "Baez Luis, Adrian"]
[Black "Rodriguez Rodriguez, Hector"]
[Result "0-1"]
[WhiteElo "1650"]
[BlackElo "1727"]
[PlyCount "62"]
[EventDate "2018.05.10"]
[EventType "swiss"]
[EventRounds "6"]
[EventCountry "ESP"]
[SourceTitle "EXT 2022"]
[Source "ChessBase"]
[SourceDate "2021.10.06"]
[SourceVersion "1"]
[SourceVersionDate "2021.10.06"]
[SourceQuality "1"]

1. e4 e6 2. d4 d5 3. Bd3 dxe4 4. Bxe4 Nf6 5. Bf3 c5 6. Ne2 Nc6 7. Be3 cxd4 8. Nxd4 Nb4 9. c4 e5 10. Nb5 Nd3+ 11. Kf1 a6 12. Nc7+ Qxc7 13. Qxd3 Be6 14. b3 Rd8 15. Qc2 Be7 16. Nc3 0-0 17. h3 b5 18. Be2 bxc4 19. Na4 Nd5 20. Bd2 cxb3 21. Qxc7 Nxc7 22. Ba5 Rc8 23. axb3 Nb5 24. Nb6 Rc2 25. Bc4 Bc5 26. Bxe6 fxe6 27. f3 e4 28. Ke1 exf3 29. gxf3 Rxf3 30. b4 Bxb6 31. Bxb6 Nc3 0-1

[Event "Isla de la Palma Semana Santa op 3rd"]
[Site "Isla de la Palma"]
[Date "2018.03.25"]
[Round "2"]
[White "Rodriguez Rodriguez, Hector"]
[Black "Molina Rodriguez, Borja"]
[Result "0-1"]
[WhiteElo "1721"]
[BlackElo "2172"]
[PlyCount "60"]
[EventDate "2018.03.24"]
[EventType "swiss"]
[EventRounds "7"]
[EventCountry "ESP"]
[SourceTitle "CBM 183 Extra"]
[Source "ChessBase"]
[SourceDate "2018.04.19"]
[SourceVersion "1"]
[SourceVersionDate "2018.04.19"]
[SourceQuality "1"]

1. e4 e5 2. Nf3 Nc6 3. Bb5 a6 4. Ba4 Nf6 5. 0-0 Nxe4 6. d4 b5 7. Bb3 d5 8. dxe5 Be6 9. Nbd2 Nc5 10. c3 Be7 11. Bc2 0-0 12. Re1 d4 13. Nb3 d3 14. Nxc5 dxc2 15. Qxd8 Raxd8 16. Nxe6 fxe6 17. Be3 Rd5 18. Rac1 Rxf3 19. gxf3 Nxe5 20. Re2 Rd1+ 21. Kg2 Rxc1 22. Bxc1 Nd3 23. Kg3 Nxc1 24. Rxc2 Bd6+ 25. Kg4 Nd3 26. Re2 Kf7 27. f4 Nxf4 28. Rd2 Nd5 29. h4 Kf6 30. Rd1 h5+ 0-1

[Event "Canarias-chT"]
[Site "Arrecife de Lanzarote"]
[Date "2016.06.25"]
[Round "5.3"]
[White "Rodriguez Rodriguez, Hector"]
[Black "Garcia Padron, Jose"]
[Result "0-1"]
[WhiteElo "1452"]
[BlackElo "2407"]
[PlyCount "72"]
[EventDate "2016.06.23"]
[EventType "team-swiss"]
[EventRounds "6"]
[EventCountry "ESP"]
[SourceTitle "EXT 2021"]
[Source "ChessBase"]
[SourceDate "2020.10.23"]
[SourceVersion "1"]
[SourceVersionDate "2020.10.23"]
[SourceQuality "1"]
[WhiteTeam "Roque Niquiomo"]
[BlackTeam "Centro Goya Villa de Teror"]
[WhiteTeamCountry "ESP"]
[BlackTeamCountry "ESP"]

1. e4 c6 2. d4 d5 3. Nc3 dxe4 4. Nxe4 Bf5 5. Ng3 Bg6 6. Nf3 Nd7 7. Bd3 Ngf6 8. 0-0 e6 9. c4 Qc7 10. Qc2 Be7 11. Bd2 Rd8 12. Ne2 c5 13. Bxg6 hxg6 14. Qa4 b6 15. dxc5 Bxc5 16. Bf4 Qb7 17. Ng3 0-0 18. Rad1 a6 19. Rd2 b5 20. Qb3 Qb6 21. cxb5 axb5 22. Be3 Ra8 23. a3 Nd5 24. Bxc5 Nxc5 25. Qd1 Rfc8 26. Qe2 Nb3 27. Rdd1 Ra4 28. Nd2 Nd4 29. Qd3 Qb7 30. Ne2 Qb6 31. Rc1 Rd8 32. Rfe1 Nxe2+ 33. Qxe2 Nf4 34. Qf3 Rxd2 35. Qg3 Rd8 36. Rc2 Rc4 0-1

[Event "Canarias-chT"]
[Site "Arrecife de Lanzarote"]
[Date "2016.06.24"]
[Round "3.3"]
[White "Navio Lopez, Manuel Alberto"]
[Black "Rodriguez Rodriguez, Hector"]
[Result "1/2-1/2"]
[WhiteElo "1390"]
[BlackElo "1452"]
[PlyCount "60"]
[EventDate "2016.06.23"]
[EventType "team-swiss"]
[EventRounds "6"]
[EventCountry "ESP"]
[SourceTitle "EXT 2021"]
[Source "ChessBase"]
[SourceDate "2020.10.23"]
[SourceVersion "1"]
[SourceVersionDate "2020.10.23"]
[SourceQuality "1"]
[WhiteTeam "Marina Lanzarote"]
[BlackTeam "Roque Niquiomo"]
[WhiteTeamCountry "ESP"]
[BlackTeamCountry "ESP"]

1. d4 Nf6 2. c4 g6 3. Nc3 Bg7 4. e4 d6 5. Nf3 0-0 6. Bg5 Nbd7 7. Be2 Re8 8. 0-0 e5 9. d5 a5 10. Be3 Nc5 11. Bxc5 dxc5 12. a4 Nd7 13. Nb5 f5 14. Nd2 Nf6 15. f3 f4 16. Nb3 Qe7 17. d6 cxd6 18. Qxd6 Qxd6 19. Nxd6 Rd8 20. Nxc8 Raxc8 21. Nxa5 Rd2 22. Rfe1 Rxb2 23. Rab1 Ra2 24. Rxb7 Rxa4 25. Rb5 Ra2 26. Kf1 Nd7 27. Nb3 Bf8 28. Rd1 Nf6 29. Ke1 Rca8 30. Rd2 Ne8 1/2-1/2

[Event "Canarias-chT"]
[Site "Arrecife de Lanzarote"]
[Date "2016.06.23"]
[Round "1.4"]
[White "Placeres Reyes, Miguel Angel"]
[Black "Rodriguez Rodriguez, Hector"]
[Result "1-0"]
[WhiteElo "1930"]
[BlackElo "1452"]
[PlyCount "63"]
[EventDate "2016.06.23"]
[EventType "team-swiss"]
[EventRounds "6"]
[EventCountry "ESP"]
[SourceTitle "EXT 2021"]
[Source "ChessBase"]
[SourceDate "2020.10.23"]
[SourceVersion "1"]
[SourceVersionDate "2020.10.23"]
[SourceQuality "1"]
[WhiteTeam "El Tablero de Guanapay"]
[BlackTeam "Roque Niquiomo"]
[WhiteTeamCountry "ESP"]
[BlackTeamCountry "ESP"]

1. e4 c5 2. Nf3 d6 3. c4 Nc6 4. d4 cxd4 5. Nxd4 Nf6 6. Nc3 g6 7. Be2 Bg7 8. Be3 0-0 9. 0-0 Bd7 10. Qd2 a6 11. Rfd1 Rc8 12. f3 Ne5 13. b3 Qa5 14. Nd5 Qxd2 15. Nxe7+ Kh8 16. Rxd2 Rce8 17. Nd5 Nxd5 18. cxd5 Rc8 19. Rdd1 Rc7 20. Rac1 Rfc8 21. Rxc7 Rxc7 22. h3 Be8 23. Kf2 Nd7 24. Ke1 Nc5 25. Kd2 Bd7 26. Rc1 Rc8 27. b4 Na4 28. Rxc8+ Bxc8 29. Kc2 Nb6 30. Nc6 Nxd5 31. exd5 bxc6 32. dxc6 1-0